Statystyki dla Państwa o najdłuższych granicach

Kliknij tutaj aby rozwiązać quiz!

Ogólne statystyki

  • Ten quiz został rozwiązany 156 razy
    (47 od ostatniego zresetowania)
  • Średni wynik to 15 z 21

Statystyki odpowiedzi

KilometryPaństwo% Poprawnych
38 900Chiny
98%
93 100Rosja
98%
81 500Stany Zjednoczone
98%
33 400Brazylia
95%
15 600Argentyna
93%
146 000Kanada
93%
25 100Indie
89%
12 000Kazachstan
86%
20 000Meksyk
86%
37 500Chile
84%
34 100Australia
77%
11 000Demokratyczna Republika Konga
75%
55 300Indonezja
73%
16 300Francja
70%
15 500Japonia
61%
30 000Norwegia
61%
17 200Wielka Brytania
50%
48 900Dania
(wliczając Grenlandię)
45%
17 300Filipiny
45%
12 200Mjanma
36%
12 000Papua-Nowa Gwinea
23%

Rozkład punktacji

Percentyl według liczby udzielonych odpowiedzi

Procent ludzi z każdym wynikiem

Twoja historia wyników

Nie rozwiązałeś tego quizu od ostatniego zresetowania